header

A behavioral approach to asset pricing (Record no. 82001)

MARC details
000 -LEADER
fixed length control field 01343nam a2200337Ia 4500
082 04 - DEWEY DECIMAL CLASSIFICATION NUMBER
Classification number 332.63/221
100 1# - MAIN ENTRY--AUTHOR NAME
Personal name Shefrin, Hersh,
245 12 - TITLE STATEMENT
Title A behavioral approach to asset pricing
260 ## - PUBLICATION, DISTRIBUTION, ETC. (IMPRINT)
Place of publication Amsterdam ;
-- Boston :
Name of publisher Elsevier Academic Press,
Year of publication c2005.
300 ## - PHYSICAL DESCRIPTION
Number of Pages xxi, 488 p. :
Other physical details ill.
490 1# - SERIES STATEMENT
Series statement Academic Press advanced finance series
650 #0 - SUBJECT ADDED ENTRY--TOPICAL TERM
Topical Term Capital assets pricing model.
Topical Term Risk management.
856 40 - ELECTRONIC LOCATION AND ACCESS
Uniform Resource Identifier http://site.ebrary.com/lib/rucke/Doc?id=10127967

No items available.

© 2026 Rongo University
Contact us: librarian | system librarian | Rongo university